006360000a22002530004500082002100000518001500021530000600036100002000042245005200062020001800114260003800132260000900170300002300179041000800202500002800210650001800238650002200256650001200278650002200290650001800312651001000330650002500340005001700365 a305.80954bP273e a2008-10-26 aM aPathy, Jaganath aEthnic minorities in the process of development a81-7033-055-6 aJaipurbRawat Publications, India c1988 aviii, 229pbillus. aEng aBibliography: p.200-219 aSocial groups aEthnic minorities aCulture aPolitical economy aEthnic groups aIndia aNational integration20120907085538.0